00315nam a22001097a 4500027000800000040001600008082001600024100002600040245006800066260003700134300003400171 qHB. cFIZZA ISHAQ a812.54bHAN aHansberry , Lorraine. aA Raisin in the Sun With an Introduction /cLorraine Hansberry. aNew York:bVintage Books,c1958. a151 P. ;c6.8 X 4 X .5 inches